000 00842nam a22002177a 4500
999 _c1526
_d1526
003 NALT
005 20220428072150.0
008 s2507 th tha d
040 _aNALT
041 _atha
050 _aDS 568
_bพ6 2507
100 0 _aพัทธยากร
_914480
245 1 0 _aมงคลพิธี 12 เดือนประจำชาติไทย /
_cพัทธยากร.
260 _aพระนคร :
_bเกษมบรรณกิจ,
_c2507.
300 _a201 หน้า
650 0 _aพิธีทางศาสนาและพิธีกรรม
_914455
651 0 _aไทย
_xความเป็นอยู่และประเพณี
_97234
850 _aNALT
942 _cRRB
_2lcc
998 _aben
_c101
_j1020
_k จำเรียง ระวังสำโรง